000 00508nam a22001577a 4500
008 201007b ||||| |||| 00| 0 eng d
020 _a9781462516414
100 _aGersmehl, Phil
245 _aTeaching Geography /
250 _a3rd ed.
260 _aUSA:
_bGuilford,
_c2014.
300 _aix,341p. :
_bill. ;
_c22 cm.
_eCD- ROM
500 _aincludes bibliographical references and index.
521 _aincludes bibliographical references and index.
942 _2lcc
_cBOOKS
_hG 73 .G47 2014
999 _c30723
_d30723